Normal view
MARC view
- Bradbvy, Luke,
Entry Personal Name
001 - CONTROL NUMBER
- control field: 26766
003 - CONTROL NUMBER IDENTIFIER
- control field: NUST
005 - DATE AND TIME OF LATEST TRANSACTION
- control field: 20191211171014.0
008 - FIXED-LENGTH DATA ELEMENTS
- fixed length control field: 191211|| aca||aabn | a|a d
040 ## - CATALOGING SOURCE
- Original cataloging agency: NUST
- Transcribing agency: NUST
100 ## - HEADING--PERSONAL NAME
- Personal name: Bradbvy, Luke,
670 ## - SOURCE DATA FOUND
- Source citation: Work cat.: (NUST): Bradbvy, Luke,, under cover the adventure of a real../, 2008.
